[Event "Dortmund Sparkassen op-B"]
[Site "Dortmund"]
[Date "2013.07.30"]
[Round "4"]
[White "Wuebker, Marc Henri"]
[Black "Aust, Werner"]
[Result "1/2-1/2"]
[WhiteElo "1280"]
[BlackElo "1725"]
[PlyCount "75"]
[EventDate "2013.07.27"]
[EventType "swiss"]
[EventRounds "9"]
[EventCountry "GER"]
[SourceTitle "EXT 2022"]
[Source "ChessBase"]
[SourceDate "2021.10.06"]
[SourceVersion "1"]
[SourceVersionDate "2021.10.06"]
[SourceQuality "1"]

1. e4 e5 2. Nf3 Nc6 3. Bb5 a6 4. Bxc6 dxc6 5. d4 Bg4 6. Be3 Nf6 7. Nc3 Bb4 8. dxe5 Nxe4 9. Bd2 Nxd2 10. Qxd2 0-0 11. Qe3 Re8 12. 0-0 Qe7 13. Rfe1 Rad8 14. a3 Bc5 15. Qf4 Be6 16. Ne4 Bb6 17. Neg5 h6 18. Nxe6 Qxe6 19. Rad1 Rd5 20. Rd2 Red8 21. Red1 Qd7 22. c4 Rxd2 23. Rxd2 Qe7 24. h3 c5 25. Rxd8+ Qxd8 26. Qd2 Qe7 27. Qd5 c6 28. Qd3 Bc7 29. Qe3 b5 30. b3 a5 31. a4 bxa4 32. bxa4 g5 33. g4 Bb6 34. Qd3 Bc7 35. Qf5 Qd8 36. Kg2 Qe7 37. Qe4 Qe6 38. Qe2 1/2-1/2

[Event "Dortmund Sparkassen op-B"]
[Site "Dortmund"]
[Date "2013.07.27"]
[Round "1"]
[White "Nemoj, Ilja"]
[Black "Wuebker, Marc Henri"]
[Result "0-1"]
[WhiteElo "1878"]
[BlackElo "1280"]
[PlyCount "97"]
[EventDate "2013.07.27"]
[EventType "swiss"]
[EventRounds "9"]
[EventCountry "GER"]
[SourceTitle "EXT 2022"]
[Source "ChessBase"]
[SourceDate "2021.10.06"]
[SourceVersion "1"]
[SourceVersionDate "2021.10.06"]
[SourceQuality "1"]

1. d4 Nf6 2. c3 d5 3. Bf4 Bf5 4. e3 e6 5. Nd2 c5 6. Ngf3 Nbd7 7. Ne5 cxd4 8. cxd4 Bb4 9. a3 Bxd2+ 10. Qxd2 0-0 11. Bd3 Bxd3 12. Nxd3 Ne4 13. Qe2 Qa5+ 14. b4 Qb5 15. 0-0 Rfc8 16. a4 Nc3 17. Qd2 Nxa4 18. Nc5 Naxc5 19. bxc5 b6 20. cxb6 Nxb6 21. Qd1 a5 22. Qg4 Qd3 23. h4 Nd7 24. Bg5 Qg6 25. Qe2 Rc4 26. Rfb1 h6 27. Be7 a4 28. Rb7 Nf6 29. Qb2 Rcc8 30. Qb4 Qc2 31. Bxf6 gxf6 32. Qe7 Qg6 33. Qd7 a3 34. Kh2 Rc2 35. Kg1 Kg7 36. Qxe6 Rb2 37. Qxd5 Ra4 38. Rb3 Qc2 39. Rb7 Qxf2+ 40. Kh1 Qxh4+ 41. Kg1 Qf2+ 42. Kh2 Rxb7 43. Qxb7 Qb2 44. Qd7 Qxa1 45. Qxa4 a2 46. Qd7 Qd1 47. Qh3 a1Q 48. Qg3+ Kh7 49. Qh4 0-1